| 000 | 00413nam a2200169Ia 4500 | ||
|---|---|---|---|
| 008 | 120913t2001 xxu||||| |||| 00| 0 eng d | ||
| 041 | _aeng | ||
| 080 |
_a8-31 _bKAM |
||
| 100 | _aKammallaweera,Jayatilaka | ||
| 245 | 4 | _aThe Last Wish | |
| 260 |
_aGodage _aColombo _c2001 |
||
| 300 | _b80p, 21 cm | ||
| 700 |
_aBalasuriya,Tilak _etr. |
||
| 942 | _cBK | ||
| 999 |
_c43110 _d43110 |
||
| 003 | LK-CoDNM | ||
| 040 |
_aLK-CoDNM _dLK-CoDNM _eLK-CoDNM |
||